Interrelations between Public Policies, Migration and Development in the Philippines
Uložené v:
| Médium: | Kniha |
|---|---|
| Jazyk: | English |
| Vydavateľské údaje: |
Paris
OECD/Scalabrini Migration Center
2017
|
| Edícia: | OECD Development Pathways
|
| Predmet: | |
| Tagy: |
Žiadne tagy, Buďte prvý, kto otaguje tento záznam!
|
MARC
| LEADER | 00000nam a2200000 4500 | ||
|---|---|---|---|
| 001 | 0240746 | ||
| 005 | 20240314123050.4 | ||
| 020 | |a 978-92-64-27227-9 | ||
| 041 | 0 | |a eng | |
| 044 | |a FR | ||
| 245 | 1 | 0 | |a Interrelations between Public Policies, Migration and Development in the Philippines |
| 264 | 1 | |a Paris |b OECD/Scalabrini Migration Center |c 2017 | |
| 300 | |a 179 s. | ||
| 490 | 1 | |a OECD Development Pathways | |
| 830 | 0 | |a OECD Development Pathways | |
| 610 | 2 | 0 | |a politika verejná |
| 610 | 2 | 0 | |a emigrácia |
| 610 | 2 | 0 | |a migrácia |
| 610 | 2 | 0 | |a riadenie |
| 610 | 2 | 0 | |a štát |
| 610 | 2 | 0 | |a stratégia hospodárska |
| 610 | 2 | 0 | |a rozvoj hospodársky |
| 610 | 2 | 0 | |a trh práce |
| 610 | 2 | 0 | |a domácnosti |
| 610 | 2 | 0 | |a poľnohospodárstvo |
| 610 | 2 | 0 | |a vzdelávanie |
| 610 | 2 | 0 | |a investície |
| 610 | 2 | 0 | |a služby finančné |
| 610 | 2 | 0 | |a projekty |
| 610 | 2 | 0 | |a Filipíny |